Catálogo público

Rice virus diseases / (Record no. 204229)

MARC details
000 -CABECERA
campo de control de longitud fija 00737nam a2200265Ia 4500
001 - NÚMERO DE CONTROL
campo de control Para_6913
003 - IDENTIFICADOR DEL NÚMERO DE CONTROL
campo de control CHAP
008 - DATOS DE LONGITUD FIJA--INFORMACIÓN GENERAL
campo de control de longitud fija 220125s1972 xx 000 0 und d
010 ## - NÚMERO DE CONTROL DE LA BIBLIOTECA DEL CONGRESO
Número de control de LC 204229
040 ## - FUENTE DE LA CATALOGACIÓN
Centro/agencia transcriptor CHAP
082 ## - NÚMERO DE LA CLASIFICACIÓN DECIMAL DEWEY
Número de clasificación PA 633.18 L5
100 ## - ENTRADA PRINCIPAL--NOMBRE DE PERSONA
Nombre de persona Ling, K. C.
9 (RLIN) 66977
245 ## - MENCIÓN DE TÍTULO
Título Rice virus diseases /
Mención de responsabilidad, etc. by K. C. Ling
260 ## - PUBLICACIÓN, DISTRIBUCIÓN, ETC.
Lugar de publicación, distribución, etc. Monila Philippines :
Nombre del editor, distribuidor, etc. The International. Rice Research Institute
300 ## - DESCRIPCIÓN FÍSICA
Extensión 134 p.
650 ## - PUNTO DE ACCESO ADICIONAL DE MATERIA--TÉRMINO DE MATERIA
Término de materia o nombre geográfico como elemento de entrada Arroz
Subdivisión general enfermedades por virus
9 (RLIN) 7602
710 ## - PUNTO DE ACCESO ADICIONAL--NOMBRE DE ENTIDAD CORPORATIVA
Nombre de entidad corporativa o nombre de jurisdicción como elemento de entrada International Rice Research Institute
9 (RLIN) 59779
901 ## - ELEMENTOS DE DATOS A LOCAL LDA (RLIN)
a PA 633.18 L5
902 ## - ELEMENTOS DE DATOS B LOCAL, LDB (RLIN)
a A
905 ## - ELEMENTOS DE DATOS E LOCAL, LDE (RLIN)
a 0000001972 0000000000 00
910 ## - DATOS DE OPCIÓN DEL USUARIO (OCLC)
Datos de opción del usuario 1972
942 ## - ELEMENTOS DE PUNTO DE ACCESO ADICIONAL (KOHA)
Tipo de ítem Koha Parasitologia_
942 ## - ELEMENTOS DE PUNTO DE ACCESO ADICIONAL (KOHA)
Tipo de ítem Koha Parasitologia_
-- 1
Holdings
Estado de retiro Estado de pérdida Fuente del sistema de clasificación o colocación Estado dañado No para préstamo Código de colección Localización permanente Ubicación/localización actual Fecha de adquisición Número de inventario Total de préstamos Signatura topográfica completa Código de barras Fecha visto por última vez Número de copia Precio válido a partir de Tipo de ítem Koha Nota pública
    Dewey Decimal Classification     General Parasitologia Agricola Parasitologia Agricola 27/10/2005 (PA_3930) (No. UACh C/E)   PA 633.18 L5 4102003218 25/01/2022 Ej.1 25/01/2022 Libro 3